000 00444nam a2200181Ia 4500
008 220531s9999 xx 000 0 und d
041 _aeng
082 _bDIG
100 _aDignen,b. &. Others
_956917
245 _aEnglish 365 Book 2 Peronal Study
250 _a1
260 _aPune
_bCambridge
_c2007
300 _a96
542 _d12-07-2012
650 _aBusi. Communication
_956918
906 _d2012-2013
999 _c32771
_d32771